000 00390pab a2200157 454500
008 180718b1997 xxu||||| |||| 00| 0 eng d
100 _aGurcharan Das
245 _aIndia after reforms: change at the grassroots
260 _c1997
300 _ap.12
362 _a12 Jul
650 _a India - Economic policy
650 _aEconomic reform
773 _aTimes of India
909 _a35816
999 _c35816
_d35816